000 00903cam a22003017a 4500
003 CHAP
005 20220329141918.0
008 980528s1995 mx r 00010 spa d
010 _a75631
011 _a76603
035 _a86189
040 _cCHAP
090 _aFolleto 15086
100 0 0 _aChávez Torres, Rafael.
_922785
245 3 _aEl espejismo de aprender
_c/por Rafael Chávez Torres
260 _aVillahermosa, Tab. :
_bEl autor,
_c[1995?]
300 _a97 p.
590 _aBATCH-UPD
_b10
_c20130110
_lUCH01
_h1115
590 _aBATCH-UPD
_b10
_c20130410
_lUCH01
_h0706
590 _aBATCH-UPD
_b10
_c20130914
_lUCH01
_h0555
590 _aCONVERSION
_b10
_c20130109
_lUCH01
_h1341
650 1 4 _aBecas.
_911116
650 1 4 _aInvestigación
_xFinanciamiento.
_960233
901 _aBK
905 _aMayto Villalobos S.
942 _cFOLL
949 _aFolleto 15086
_bBC
_cFOLL
_d861891
_eTS1
_i86189
_sb
999 _c75631
_d75631